|
|
|
|
| LEADER |
00000nab a2200000ua 4500 |
| 001 |
vtls010777956 |
| 003 |
SK-MaSNL |
| 005 |
20260303102728.0 |
| 008 |
230121s2011 xo |||||||||||||||||slo| |
| 035 |
|
|
|a (urnnbn)urn:nbn:sk:snk:ar-a016g6
|
| 035 |
|
|
|a (uuid)7abc14d8-0e41-4561-8f9d-7ffeb48ec198
|
| 035 |
|
|
|a urn:nbn:sk:snk-ab4db0
|
| 040 |
|
|
|a SNKBUCL
|b slo
|c SNKBUCL
|e AACR2
|
| 041 |
0 |
|
|a slo
|
| 044 |
|
|
|a xo
|c SK
|
| 100 |
1 |
|
|a Kubandová, Janka
|4 aut
|9 601449
|
| 245 |
1 |
0 |
|a MICHAELA VÁRADY (1976)
|b Soprán
|c Janka Kubandová
|
| 773 |
0 |
|
|t Hudobný život : klasická hudba, jazz, world music
|g Roč. 43, č. 10 (2011), s. 5
|
| 954 |
|
|
|a odborná, vedecká literatúra pôvodná (slovenská)
|2 lita
|
| 958 |
|
|
|a OND
|
| 958 |
|
|
|a EUIPO
|
| 958 |
|
|
|a article3
|
| 999 |
|
|
|c 1844530
|d 1846460
|